MDQL
is popping MORE tags! Check the
thread
!
Quizzes
Events
Quiz Creation
Community
Videos
Private Events
Remove Ads
Sign In
Join for FREE
Feedback
Dark Mode
Quiz Categories
Sports
Geography
Music
Movies
Television
Just For Fun
Miscellaneous
History
Literature
Language
Science
Gaming
Entertainment
Religion
Holiday
For Kids
Quiz Lab
Recent
Popular Today
Quiz Kudos Today
Editor Picks
Curator Picks
Quizzes by...
Day
Popularity
Type
Ratings
Length
Year
Community
Subscriptions
Recent Discussions
Orange Saloon
Badges
Playlists
Quests
Create
Leaderboards
Showdown
Live 5
Trivia Bingo
Activity
Puzzle Library
Sporcle Events
Private Events
Virtual Trivia
Globe League
Become a Host
Pub Owners
SporcleCon
Opinionation
Our Games
Videos
Blog
Mobile Apps
Partnerships
Remove Ads and Go Orange
Feedback
Miscellaneous
Crossword
General Knowledge
Baby Names
Logo
Food
Cars
Numbers
Grab Bag
University
College
Popular
Company
Slogans
Restaurants
Justice
Letter
Miscellaneous
Crossword
General Knowledge
Baby Names
Logo
Food
Cars
Numbers
Grab Bag
University
College
Popular
Company
Slogans
Restaurants
Justice
Letter
Random Quiz
Search Sporcle
×
Quiz Lab
Quiz Lab
Miscellaneous
University
Type in answers that appear in a list
Type in answers that appear in a list
Classic
Best Score? Go Orange.
University of Oklahoma Buildings Stats
Can you name the University of Oklahoma Buildings?
By
tatef87
10m
40 Questions
140 Plays
140 Plays
140 Plays
Comments
Comments
Give Quiz Kudos
Give Quiz Kudos
-
- Ratings
hide this ad
Replay
Link that replays current quiz
Next Quiz
Link to next quiz in quiz playlist
You Got
0%
They Got
Avg Score
30%
Avg Friend Score
Upgrade to see
Score Distribution
Jump to the score distribution portion of the page
Score
0/40
Timer
10:00
0
Plays Today
Building
% Correct
Dale Hall
77.9%
Gaylord Hall
70%
Adams Hall
69.3%
Sarkeys Energy Center
66.4%
Bizzell Library
65%
Oklahoma Memorial Union
60%
Price Hall
56.4%
Catlett Music Center
47.1%
Kaufman Hall
45%
Gould Hall
44.3%
Physical Science Center
40.7%
Felgar Hall
33.6%
Buchanan Hall
32.1%
Carson Engineering Center
32.1%
Evans Hall
32.1%
Nielsen Hall
32.1%
George Lynn Cross Hall
29.3%
Carnegie Building
27.9%
Chemistry Building
27.9%
Copeland Hall
27.9%
Building
% Correct
Devon Energy Hall
27.9%
Ellison Hall
25%
Gittenger Hall
23.6%
David Boren Hall
21.4%
Jacobson Hall
21.4%
Dale Hall Tower
20.7%
Hester Hall
19.3%
Burton Hall
18.6%
Lissa and Cy Wagner Hall
16.4%
Monnet Hall
15.7%
Richards Hall
15.7%
Robertson Hall
15.7%
Armory
13.6%
Old Science Hall
12.9%
Carpenter Hall
11.4%
Sutton Hall
10%
Rhyne Hall
7.1%
Craddock Hall
5.7%
Coats Hall
4.3%
Whiteland Hall
2.9%
Quiz Playlist
Details
Report
Send in Message
Add To Playlist
Classic:
Type in answers that appear in a list
Last Updated: Feb 16, 2017
Quiz Scoreboard
CHALLENGE
Sign Up to Join the Scoreboard
Show All
Scores
Hide
Comments
May contain spoilers
Recently Published
1-10 Letter E Words III
by El_Dandy
Language
2m
Street Fighter Characters
by Artimus82
Gaming
60s
College Basketball Coaching Resumes
by pancakes188
Sports
9m
More to Explore
Quiz From the Vault
Featured Blog Post
Where Did the Easter Bunny Come From?
hide this ad
You Might Also Like...
Tags
University Quiz
Building
oklahoma
Today's Top Quizzes in Miscellaneous
Browse Miscellaneous
hide this ad
Today's Top Quizzes in University
Browse University
Top Contributed Quizzes in Miscellaneous
1
5-to-1: Fast Food
2
The JOE quick-fire general knowledge quiz: Day 174
3
The JOE quick-fire general knowledge quiz: Day 173
4
5-to-1: Cocktails
5
The JOE quick-fire general knowledge quiz: Day 172
6
9x9 Crossword: Disney Movie Titles
7
9x9 Crossword: Charlie and the Chocolate Factory
8
Sunday Crossword: Famous Bodies of Water
9
The JOE quick-fire general knowledge quiz: Day 171
10
9x9 Crossword: Flags
Explore More
Trending Topics
NBA
Anime
Marvel
Disney
Harry Potter
Crossword
Kpop
Country
Pokémon
WWE
Song
NFL
Puzzle
The Office
Soccer
hide this ad
More By:
tatef87
Quiz
Plays
Rating
Category
Featured
Created
Top 10 Things to do in the bathroom
10,470
3.22
Just For Fun
Sep 29, 2010
Largest Public Universities
3,136
2.72
Miscellaneous
Nov 26, 2009
Top 10 Most Populous Countries in 2050
2,633
2.67
Geography
Sep 29, 2010
2009 NCAAF Ranked Teams
1,199
3.67
Sports
Sep 24, 2010
Top 50 Cities in Oklahoma by Population
287
5.00
Geography
Aug 10, 2010
Go to Creator's Profile
Score Distribution
Quiz Creator Spotlight
tatef87
Follow
Send a Message
Quizzes Created
-
Created Quiz Play Count
-
More By This Creator
Popular Quizzes Today
1
Find the US States - No Outlines Minefield
2
Find the Countries of Europe - No Outlines Minefield
3
The Countries of the World
4
Find the US States
5
Risky Map Clicking: Biggest States A-Z
6
US States
7
Popular People in 1961
8
Movies - When Are They Set?
More Miscellaneous Quizzes
Peter, Paul or Mary
Published
Trending Quizzes
Risky Map Clicking: Least Populous States A-Z
USA Borders Longest to Shortest
1-10 Letter G Words
1-10 Letter F Words
Countries of the World: 200 Million BC
Recently Updated
Beyoncé Albums
pecheneg
Leaping Animals
pecheneg
Reality TV Shows (A-Z)
bhenderson79
Rickey Henderson's Hall of Fame Teammates
pecheneg
Champions League XIs: Arsenal
pecheneg
Quick Pick: Celebrities in WWE's Hall of Fame
aduchscher
A-Z Keypad Blitz II
pecheneg
Multiple Oscar Actors
pecheneg
Mystery Phrase Blitz: Oscar 'Best Actors'
pecheneg
F. Scott Fitzgerald Novels
LTH
Trending Topics
Crossword
Kpop
NBA
Harry Potter
Disney
Anime
Marvel
Puzzle
Pokémon
Soccer
The Office
NFL
Country
WWE
Song
Your Account Isn't Verified!
In order to create a playlist on Sporcle, you need to verify the email address you used during registration. Go to your
Sporcle Settings
to finish the process.
Report this User
Report this user for behavior that violates our
Community Guidelines
.
Details:
Send Report
Go to the Sporcle.com Mobile Site →
Comments